[Event "Wch U20"]
[Site "Buenos Aires"]
[Date "1992.??.??"]
[Round "?"]
[White "Mastrokoukos, Georgios"]
[Black "Fish, Gannadij"]
[Result "1/2-1/2"]
[WhiteElo "2325"]
[BlackElo "2440"]

1.d4 Nf6 2.c4 e6 3.g3 Bb4+ 4.Bd2 Be7 5.Bg2 d5 6.Nf3 O-O 7.O-O b6 8.Ne5 Bb7
9.Bg5 h6 10.Bf4 c5 11.Nc3 Na6 12.dxc5 Nxc5 13.Rc1 dxc4 14.Bxb7 Qxd1 15.Rfxd1 Nxb7
16.Nxc4 Rfd8 17.Ne5 Rac8 18.Rxd8+ Bxd8 19.Nb5 Rxc1+ 20.Bxc1 a6 21.Nc3 Bc7
22.Nc6 Bd6 23.Be3 Bc5 24.Bxc5 Nxc5 25.f3 Kf8 26.Kf2 Ke8 27.Ke3 Kd7 28.Ne5+ Ke7
29.Kd4 Nfd7 30.Nxd7 Nxd7 31.b4  1/2-1/2

[Event "Buenos Aires Najdorf qual"]
[Site "Buenos Aires"]
[Date "1992.??.??"]
[Round "7"]
[White "Ricardi, Pablo"]
[Black "Adla, Diego"]
[Result "1/2-1/2"]
[WhiteElo "2465"]
[BlackElo "2435"]

1.d4 Nf6 2.c4 e6 3.g3 Bb4+ 4.Bd2 a5 5.Bg2 d6 6.Qa4+ Bd7 7.Qb3 Nc6 8.Nf3 O-O
9.O-O Bxd2 10.Nbxd2 e5 11.d5 Nb4 12.Qc3 c6 13.dxc6 Bxc6 14.a3 Na6 15.b4 Re8
16.Rfd1 axb4 17.axb4 Rc8 18.Qb2 Qb6 19.Rab1 Qc7 20.Nf1 Be4 21.Rbc1 Qb6 22.b5 Ng4
23.e3 Nc5 24.Ne1 Bxg2 25.Kxg2 e4 26.Rd5 Ne5 27.Qd4 Qc7 28.Nd2 Rcd8 29.Rd1 f5
30.Nb1 Ne6 31.Qd2 Nxc4 32.Qc3 Ne5 33.Qxc7 Nxc7 34.Rxd6 Rxd6 35.Rxd6 Nxb5
36.Rb6 Na7 37.Rxb7 Nac6 38.Nc3 Re7 39.Rxe7  1/2-1/2

[Event "Buenos Aires Najdorf qual"]
[Site "Buenos Aires"]
[Date "1992.??.??"]
[Round "9"]
[White "Scarella, Enrique"]
[Black "Anelli, Antonio"]
[Result "1/2-1/2"]
[WhiteElo "2255"]
[BlackElo "2300"]

1.d4 Nf6 2.c4 e6 3.g3 Bb4+ 4.Nd2 O-O 5.Bg2 d6 6.Nf3 Nc6 7.O-O Bxd2 8.Bxd2 Ne4
9.Bf4 f5 10.d5 Ne7 11.dxe6 Bxe6 12.Ng5 Nxg5 13.Bxg5 h6 14.Bd2 Rb8 15.Bc3 Rf7
16.b3 Bd7 17.Bf3 Bc6 18.Bh5 g6 19.Qd4 Kh7 20.Bf3 Bxf3 21.exf3 c5 22.Qd3 d5
23.cxd5 Qxd5 24.Qe3 f4 25.Qe5 Rd8 26.Rad1 Qxe5 27.Bxe5 Rxd1 28.Rxd1 fxg3
29.Rd7 gxh2+ 30.Kxh2 Kg8 31.Rxb7 Nc8 32.Rb8 Rf8 33.Kg3 Re8 34.Bf4 h5 35.Be3 Nd6
36.Rxe8+ Nxe8 37.Bxc5 a6 38.Kh4 Kf7 39.f4 Ng7 40.Bb4 Nf5+ 41.Kg5 Nd4 42.f5 Nxf5
43.Bc3 Nd6 44.f3 Nf5 45.a4 Nd6 46.Be5 Nb7 47.b4 Nd8 48.b5 axb5 49.axb5 Ne6+
50.Kh6 Nc5 51.b6 Nb7 52.Bc3  1/2-1/2

[Event "Cappelle op"]
[Site "Cappelle la Grande"]
[Date "1992.??.??"]
[Round "3"]
[White "Todorov, Ognjan"]
[Black "Vyzmanavin, Alexey"]
[Result "0-1"]
[WhiteElo "2365"]
[BlackElo "2590"]

1.d4 Nf6 2.c4 e6 3.g3 Bb4+ 4.Bd2 Qe7 5.Bg2 d5 6.Nf3 O-O 7.O-O c6 8.Qc2 b6
9.Bf4 Ba6 10.Nbd2 Nbd7 11.Rfd1 Nh5 12.Be3 Rac8 13.Ne5 Nxe5 14.dxe5 g6 15.f4 Qd7
16.Bf2 Rfd8 17.b3 Qe8 18.Rac1 Ba3 19.Rb1 Qe7 20.e4 Bc5 21.Bxc5 Qxc5+ 22.Kh1 dxc4
23.bxc4 Rd7 24.Nb3 Qxc4 25.Qf2 Rcd8 26.Re1 c5  0-1

[Event "Cattolica op"]
[Site "Cattolica"]
[Date "1992.??.??"]
[Round "7"]
[White "Bezold, Michael"]
[Black "Hecht, Hans Joachim"]
[Result "0-1"]
[WhiteElo "2345"]
[BlackElo "2410"]

1.d4 Nf6 2.c4 e6 3.g3 Bb4+ 4.Bd2 Qe7 5.Bg2 Nc6 6.Nf3 Bxd2+ 7.Nbxd2 d6 8.O-O O-O
9.e4 e5 10.d5 Nd8 11.Ne1 Ng4 12.h3 Nh6 13.Kh2 f5 14.exf5 Nxf5 15.Ne4 Nf7
16.Qd2 Bd7 17.Nd3 c5 18.dxc6 bxc6 19.Rae1 Be6 20.b3 Rad8 21.Nc3 Qc7 22.f4 Nd4
23.fxe5 dxe5 24.Ne4 Bf5 25.Qc3 Bxe4 26.Rxe4 Ng5 27.Rxf8+ Rxf8 28.Re3 Ndf3+
29.Bxf3 Nxf3+ 30.Kg2 Qf7 31.Qc1 Qf5 32.c5 Kh8 33.b4 h5 34.Qd1 e4 35.Nf4 h4
36.Qe2 Qg5  0-1

[Event "JUG-chT"]
[Site "Cetinje"]
[Date "1992.??.??"]
[Round "?"]
[White "Stamenkovic, Zoran"]
[Black "Nikcevic, Nebojsa"]
[Result "0-1"]
[WhiteElo "2345"]
[BlackElo "2350"]

1.d4 Nf6 2.c4 e6 3.g3 Bb4+ 4.Nd2 d5 5.Bg2 O-O 6.Nf3 dxc4 7.O-O c3 8.Nc4 cxb2
9.Bxb2 Nbd7 10.Qb3 Be7 11.Rfd1 Qe8 12.Rac1 Rb8 13.Na5 c5 14.Ba3 Qd8 15.Qc3 Qc7
16.Ne1 Nd5 17.Bxd5 exd5 18.dxc5 Bf6 19.Qd2 Ne5 20.c6 bxc6 21.Bxf8 Kxf8 22.Qxd5 Be6
23.Qd2 c5 24.Nb3 c4 25.Nd4 Bh3 26.Qf4 Rb2 27.Rc2 Qb7 28.Rxb2 Qxb2 29.Qe4 g6
30.Qa8+ Kg7 31.Qxa7 Nc6 32.Nxc6 Qxe2 33.Qa4 Qf1+  0-1

[Event "EU-chT (Women)"]
[Site "Debrecen"]
[Date "1992.??.??"]
[Round "5"]
[White "Baginskaite, Kamile"]
[Black "Zayac, Elena"]
[Result "1/2-1/2"]
[WhiteElo "2280"]
[BlackElo "2350"]

1.d4 Nf6 2.c4 e6 3.g3 Bb4+ 4.Bd2 a5 5.Bg2 d5 6.Nf3 c6 7.b3 b6 8.O-O Ba6 9.Bxb4 axb4
10.a3 bxa3 11.Rxa3 Nbd7 12.Nc3 O-O 13.Qa1 Bb7 14.Rxa8 Qxa8 15.Qb2 c5 16.Ra1 Qb8
17.Nb5 dxc4 18.bxc4 h6 19.Ne5 Bxg2 20.Nxd7 Nxd7 21.Kxg2 cxd4 22.Qxd4 Nc5
23.Ra7 Rd8 24.Qh4 Re8 25.Qh5 Rf8 26.e3 Qd8 27.Nd4 Qd6 28.Qf3 Nb3 29.Qc6 Qb4
30.Ra8 Rxa8 31.Qxa8+ Qf8 32.Qe4  1/2-1/2

[Event "EU-chT (Women)"]
[Site "Debrecen"]
[Date "1992.??.??"]
[Round "7"]
[White "Cuevas Rodriguez, Ma Luisa"]
[Black "Hund, Barbara"]
[Result "1-0"]
[WhiteElo "2200"]
[BlackElo "2300"]

1.d4 Nf6 2.c4 e6 3.g3 Bb4+ 4.Nd2 O-O 5.Bg2 d5 6.Nf3 dxc4 7.Qc2 Nc6 8.Qxc4 Qd5
9.O-O Bxd2 10.Qxd5 exd5 11.Bxd2 Bg4 12.e3 Ne4 13.Bc1 Nb4 14.a3 Nd3 15.Ne5 Be2
16.Nxd3 Bxd3 17.Rd1 Bc2 18.Re1 Rfe8 19.b4 c6 20.Bb2 a5 21.bxa5 Rxa5 22.f3 Nd6
23.Bc3 Raa8 24.Bb4 Nb5 25.Bf1 Nc7 26.Ra2 Ba4 27.e4 Bb5 28.e5 Bxf1 29.Kxf1 Ne6
30.Rd2 g6 31.f4 Kg7 32.Ke2 f5 33.Ke3 Nc7 34.h3 Nb5 35.Ra1 Kf7 36.g4 Ke6 37.Rg2 Ra4
38.gxf5+ Kxf5 39.Rg5+ Ke6 40.f5+ Kf7 41.fxg6+ hxg6 42.Rf1+ Kg7 43.Rf6 Nxa3
44.Rfxg6+ Kh7 45.Rg7+ Kh8 46.Be7 Nc2+ 47.Kd3 Rxe7 48.Rxe7 Nxd4 49.e6 Nb5
50.Rxb7 Rd4+ 51.Ke3 Re4+ 52.Kf2 Rxe6 53.Rgg7 Nd6 54.Rh7+ Kg8 55.Rbg7+ Kf8
56.Ra7 Ne4+ 57.Kg2 Kg8 58.Rhc7 Nf6 59.Ra8+ Ne8 60.Rac8 Re4 61.Rxc6 Kf7 62.Kf3 Nf6
63.Rd6 Re1 64.Rc7+ Kg6 65.Kf2 Re5 66.Rc3 Rf5+ 67.Rf3 Rxf3+ 68.Kxf3 Kf5 69.Ra6 Ke5
70.Ra1 Kf5 71.Rg1 Nd7 72.Rg7 Ne5+ 73.Ke3 Ng6 74.Rg8 Kg5 75.Kf3 Kf5 76.Rd8 Ke5
77.Re8+ Kf5 78.Kg3 d4 79.h4 d3 80.Rd8 Ne5 81.Rd4 Kf6 82.Rd6+ Kf5 83.Rd4 Kf6
84.Kf4 Ng6+ 85.Ke3 Kf5 86.Kxd3 Ne5+ 87.Ke3 Ng4+ 88.Kf3 Nf6 89.Ra4 Kg6 90.Ra5 Kh6
91.Ra6 Kg7 92.Kf4 Nh7 93.Kf5 Nf8 94.h5 Nh7 95.h6+ Kg8 96.Ra8+ Kf7 97.Ra7+ Kg8
98.Rg7+ Kh8 99.Rf7 Kg8 100.Kg6 Ng5 101.h7+  1-0

[Event "Dubai Asian Cities"]
[Site "Dubai"]
[Date "1992.??.??"]
[Round "8"]
[White "Rahman, Ziaur"]
[Black "De Guzman, Ricardo"]
[Result "1-0"]
[WhiteElo "2380"]
[BlackElo "2390"]

1.d4 Nf6 2.c4 e6 3.g3 Bb4+ 4.Bd2 Qe7 5.Bg2 O-O 6.Nf3 Bxd2+ 7.Nbxd2 d6 8.O-O e5
9.e3 Nc6 10.Qc2 g6 11.a3 Bf5 12.Qc3 Rfe8 13.d5 Nb8 14.Rfe1 Bg4 15.e4 Bxf3
16.Bxf3 Nbd7 17.b4 c6 18.dxc6 bxc6 19.Nb3 c5 20.Qe3 Rec8 21.b5 Nf8 22.Bg2 Ne6
23.Bh3 Rf8 24.Bxe6 fxe6 25.f3 Rf7 26.Na5 Raf8 27.Nc6 Qc7 28.Rf1 Kg7 29.Kg2 h6
30.a4 g5 31.h3 Kh7 32.Rad1 Ne8 33.Qd2 Rg7 34.Qa5 Qf7 35.Qd8 h5 36.g4 h4 37.Rxd6 Nxd6
38.Qxd6 Qf4 39.Qxe5 Qd2+ 40.Rf2 Qd7 41.Qxc5 Rc8 42.Qe5 Rc7 43.Nd4 Rg6 44.c5 Qg7
45.Qxg7+ Kxg7 46.c6 e5 47.Nf5+ Kf7 48.Rd2 a6 49.Rd7+ Rxd7 50.cxd7 Rg8 51.Nh6+  1-0

[Event "NLD-ch sf"]
[Site "Enschede"]
[Date "1992.??.??"]
[Round "6"]
[White "Vanheste, Jeroen"]
[Black "Martens, Martin"]
[Result "1/2-1/2"]
[WhiteElo "2390"]
[BlackElo "2360"]

1.d4 Nf6 2.c4 e6 3.g3 Bb4+ 4.Nd2 O-O 5.Bg2 d5 6.Qc2 Nc6 7.Nf3 dxc4 8.Qxc4 Qd5
9.O-O Bxd2 10.Qxd5 exd5 11.Bxd2 Bg4 12.Be3 Rfe8 13.Rfc1 Rac8 14.Rc5 Ne7 15.Bg5 Nd7
16.Bxe7 Rxe7 17.Rc2 Bf5 18.Rd2 Rce8 19.e3 Be4 20.Rc1 Nb6 21.b3 c6 22.Ne1 Bxg2
23.Kxg2 Nc8 24.Nc2 Nd6 25.a4 a5 26.Ne1  1/2-1/2

[Event "Arnold Cup"]
[Site "Gausdal"]
[Date "1992.??.??"]
[Round "5"]
[White "Nielsen, Peter Heine"]
[Black "Fyllingen, Roy Harald"]
[Result "1/2-1/2"]
[WhiteElo "2405"]
[BlackElo "2330"]

1.d4 Nf6 2.c4 e6 3.g3 Bb4+ 4.Bd2 a5 5.Bg2 d6 6.Nf3 Nbd7 7.O-O e5 8.Nc3 exd4
9.Nxd4 Ne5 10.b3 c6 11.Nc2 Bc5 12.Na4 Ba7 13.Bf4 Qc7 14.Qd2 O-O 15.Rad1 Bb8
16.Kh1 Bf5 17.Nd4 Bg6 18.Nc3 a4 19.Bg5 axb3 20.axb3 Ned7 21.e4 Re8 22.f3 h6
23.Be3 Nc5 24.Bg1 Qb6 25.Rb1 Qc7 26.Rfd1 Qe7 27.Nf5 Bxf5 28.exf5 Bc7 29.Bd4 Rad8
30.b4 Ncd7 31.Re1 Qf8 32.f4 Bb6 33.b5 Bxd4 34.Qxd4 Nb8 35.h3 Re7 36.Rbd1 Qe8
37.Rxe7 Qxe7 38.Kh2 Qd7 39.Qa7 Qc8 40.Ne4 Nxe4 41.Bxe4 cxb5 42.cxb5 Qc4 43.Qb6 Re8
44.Bg2 Nd7 45.Qxb7 Nf6 46.Qc6 Qb3 47.Rd2 Rb8 48.Qxd6 Qxb5 49.g4 Qb3 50.Rd3 Qb2
51.g5 Ne8 52.Qd5 Qb6 53.Qe5 Rd8 54.Qe7 Nd6 55.g6 f6 56.Rb3 Qa5 57.Ra3 Qb6
58.Ra7 Nxf5 59.Qf7+ Kh8 60.Rd7 Rb8 61.Qd5 Ne3 62.Rxg7 Nf1+  1/2-1/2

[Event "Gausdal Int"]
[Site "Gausdal"]
[Date "1992.??.??"]
[Round "9"]
[White "Hjelmaas, Lars"]
[Black "Gipslis, Aivars"]
[Result "0-1"]
[WhiteElo "2300"]
[BlackElo "2465"]

1.d4 Nf6 2.c4 e6 3.g3 Bb4+ 4.Bd2 Qe7 5.Bg2 Nc6 6.Nf3 Bxd2+ 7.Qxd2 Ne4 8.Qc2 Qb4+
9.Kf1 f5 10.e3 O-O 11.Nbd2 Nf6 12.Ke2 Qe7 13.Rhd1 d6 14.Kf1 e5 15.dxe5 dxe5
16.Qc3 e4 17.Nd4 Ne5 18.Kg1 c5 19.Ne2 b6 20.a4 a5 21.Nb1 g5 22.Na3 Nf3+ 23.Bxf3 exf3
24.Nc1 Qf7 25.Nd3 Qh5 26.Qe5 Bb7 27.Qxf5 Rae8 28.h4 h6 29.Ne5 Be4  0-1

[Event "Geneve op"]
[Site "Geneve"]
[Date "1992.??.??"]
[Round "7"]
[White "Gurevich, Dmitry"]
[Black "Landenbergue, Claude"]
[Result "1/2-1/2"]
[WhiteElo "2515"]
[BlackElo "2410"]

1.d4 Nf6 2.c4 e6 3.g3 Bb4+ 4.Nd2 d5 5.Bg2 O-O 6.Nf3 b6 7.O-O Bb7 8.cxd5 exd5
9.Ne5 Bd6 10.Ndc4 Ne4 11.Nxd6 Nxd6 12.Qc2 c6 13.b3 Re8 14.Ba3 a5 15.Rac1 Ra7
16.Rfe1 f6 17.Nd3 Bc8 18.Qd2 Be6 19.Qf4 Rd7 20.Bxd6 Rxd6 21.b4 axb4 22.Nxb4 Bf7
23.Qd2 Bg6 24.Rc3 Rde6 25.Bh3 Rd6 26.Rec1 Qe7 27.Nxc6 Nxc6 28.Rxc6 Rxc6 29.Rxc6 Qxe2
30.Qxe2 Rxe2 31.Be6+ Kf8 32.Bxd5 Be4 33.Bxe4 Rxe4 34.Rxb6 Rxd4 35.h4 Ra4
36.Rb2 g5 37.h5 Kg7 38.f3 g4 39.fxg4 Rxg4 40.Kg2 Ra4 41.Kf3 f5 42.Rb5 Kf6  1/2-1/2

[Event "Hamburg-ch"]
[Site "Hamburg"]
[Date "1992.??.??"]
[Round "3"]
[White "Nogly, Christoph"]
[Black "Reddmann, Hauke"]
[Result "0-1"]
[WhiteElo "2255"]
[BlackElo "2305"]

1.d4 Nf6 2.c4 e6 3.g3 Bb4+ 4.Nd2 d5 5.Bg2 O-O 6.Qc2 c6 7.Nf3 Nbd7 8.O-O Re8
9.e4 Nf8 10.e5 N6d7 11.c5 b6 12.a3 Bxd2 13.Bxd2 bxc5 14.dxc5 Ng6 15.Rfe1 Qc7
16.Qc3 a5 17.b4 axb4 18.axb4 Ba6 19.Qd4 Ra7 20.h4 h6 21.h5 Ne7 22.g4 Rea8
23.Bc3 Bc4 24.Nd2 Rxa1 25.Rxa1 Rxa1+ 26.Bxa1 Be2 27.Bh3 Qa7 28.f4 Qa4 29.Nf1 Qb3
30.Ne3 Qb1+ 31.Kf2 Bd3 32.Bg2 g6 33.hxg6 Nxg6 34.Bxd5 cxd5 35.c6 Nb6 36.Qxb6 Qa2+
37.Kg3 Qxa1 38.Qd8+ Kh7 39.Ng2 Be4 40.f5 Qc3+ 41.Kh2 Qxe5+ 42.Kg1 Qg3 43.fxg6+ Kg7  0-1

[Event "Hamburg op"]
[Site "Hamburg"]
[Date "1992.??.??"]
[Round "7"]
[White "Steckner, Johannes"]
[Black "Dizdar, Goran"]
[Result "1/2-1/2"]
[WhiteElo "2305"]
[BlackElo "2450"]

1.d4 Nf6 2.c4 e6 3.g3 Bb4+ 4.Bd2 Qe7 5.Bg2 Nc6 6.e3 e5 7.d5 Nb8 8.Nc3 Bxc3
9.Bxc3 d6 10.Qc2 O-O 11.Ne2 c6 12.O-O cxd5 13.cxd5 a5 14.Rfc1 b6 15.a3 Ba6
16.b4 Nbd7 17.Be1 Rfc8 18.Qb2 Bc4  1/2-1/2

[Event "Helsinki op"]
[Site "Helsinki"]
[Date "1992.??.??"]
[Round "6"]
[White "Kachiani Gersinska, Ketino"]
[Black "Kiselev, Sergey"]
[Result "1/2-1/2"]
[WhiteElo "2360"]
[BlackElo "2530"]

1.d4 Nf6 2.c4 e6 3.g3 Bb4+ 4.Bd2 Be7 5.Bg2 d5 6.Nf3 O-O 7.O-O c6 8.Qc2 b6
9.Bf4 Ba6 10.Nbd2 Nbd7 11.Rfc1 Nh5 12.Be5 Bb7 13.cxd5 Nxe5 14.Nxe5 cxd5 15.Qc7 Rb8
16.Qxd8 Rfxd8 17.Nc6 Bxc6 18.Rxc6 Rbc8 19.Rac1 Rxc6 20.Rxc6 Bd6 21.f4 Nf6
22.h3 Kf8 23.e3 Ke7 24.g4 h6 25.Nf3 Kd7 26.Rc2 Rc8 27.Rxc8 Kxc8 28.Bf1 Kd7
29.Bd3 Ke7 30.Kf2 Nd7 31.h4 Nf6 32.g5 hxg5 33.hxg5 Nd7 34.Ke2 Nb8 35.Kd2 Kd8
36.Bh7 g6 37.Nh2 Ke8 38.Ng4 Nc6 39.Bg8 Kf8 40.Nh6 Nd8 41.Ke2 Kg7 42.a4 Bb4
43.b3 Ba3 44.Kf3 a6 45.Kg4 Kf8 46.Kf3 Bb4 47.Ke2 Ke8 48.Kd3 Bd6 49.Ng4 Ba3
50.Nh6 Bf8 51.e4 dxe4+ 52.Kxe4 Bg7 53.d5 exd5+ 54.Kxd5 Kf8 55.Bh7 Ne6 56.Kc6 b5
57.a5 Nxf4 58.Kb7 Ne6 59.Kxa6 Nxg5 60.Bxg6 fxg6 61.Ng4 Ke7 62.Kxb5 Kd7 63.b4 Ne6
64.Kc4 Kd6 65.b5 Bd4 66.b6 Kc6 67.b7  1/2-1/2

[Event "ISR-ch"]
[Site "ISR"]
[Date "1992.??.??"]
[Round "3"]
[White "Zoler, Dan"]
[Black "Zilberman, Yaacov"]
[Result "1-0"]
[WhiteElo "2370"]
[BlackElo "2490"]

1.d4 Nf6 2.c4 e6 3.g3 Bb4+ 4.Bd2 Qe7 5.Bg2 Nc6 6.Nf3 Bxd2+ 7.Nbxd2 d6 8.O-O a5
9.e4 e5 10.d5 Nb8 11.b3 Na6 12.a3 c5 13.Nh4 O-O 14.Nf5 Bxf5 15.exf5 Qd7 16.g4 a4
17.g5 Ne8 18.Be4 g6 19.f6 Qh3 20.Qf3 Qxf3 21.Bxf3 axb3 22.Rab1 h6 23.h4 Nec7
24.Rxb3 b5 25.cxb5 c4 26.Nxc4 Nc5 27.Rbb1 e4 28.Nxd6 exf3 29.Rfc1 Nxb5 30.Nxb5 Nd3
31.Rc3 Nf4 32.Rxf3 Nxd5 33.Rd1 Nb6 34.Rb3 Rfc8 35.Kg2 Rc5 36.f4 Nd5 37.Kg3 Ra4
38.Nd4 Rcc4 39.Ne2 Rc5 40.Rd4 Ra8 41.Rbd3 Raa5 42.Kf3 Kh7 43.Re4 Rc2 44.Re7 Kg8
45.Re8+ Kh7 46.Rb3 hxg5 47.hxg5 Ra2 48.Rbb8 R2xa3+ 49.Kf2 Nxf6 50.gxf6 g5
51.Rg8 Kh6 52.Rg7 Kh5 53.Rbg8 Kh4 54.Rxf7 Rf5 55.Rh7+ Kg4 56.Rhg7  1-0

[Event "Katowice op"]
[Site "Katowice"]
[Date "1992.??.??"]
[Round "2"]
[White "Grabarczyk, Miroslaw"]
[Black "Shipov, Sergei"]
[Result "1/2-1/2"]
[WhiteElo "2315"]
[BlackElo "2460"]

1.d4 Nf6 2.c4 e6 3.g3 Bb4+ 4.Bd2 Be7 5.Bg2 d5 6.Nf3 O-O 7.O-O c6 8.Qb3 b6
9.cxd5 exd5 10.Rc1 Ba6 11.Nc3 Nbd7 12.Qa4 Bb7 13.Bg5 Re8 14.Rd1 Ne4 15.Bxe7 Qxe7
16.e3 a5 17.Nxe4 dxe4 18.Nd2 f5 19.Rac1 Kh8 20.Qb3 a4 21.Qa3 Qxa3 22.bxa3 b5
23.g4 g6 24.gxf5 gxf5 25.Nf1 Re7 26.Ng3 Rf8 27.Bh3 f4 28.Nf5 Re6 29.exf4 Nb6
30.Ng3 Re7 31.f5 Nc4 32.Rc3 Rd8 33.Bg2 c5 34.f6 Re6 35.f7 Rf6 36.Bxe4 Rxf7
37.d5 Rfd7 38.Rb1 Nd2 39.Rxb5 Nxe4 40.Nxe4 Bxd5 41.Nxc5 Rc7 42.f3 Bxa2 43.Nxa4 Rg7+
44.Kf2 Rd2+ 45.Ke3 Rxh2 46.Rc8+ Rg8 47.Rxg8+ Kxg8 48.Nc3 Bc4 49.Rc5 Bf1 50.a4 h5
51.Ne4 Ra2 52.a5 h4 53.Kf4 h3 54.Kg3 Bg2 55.Nf2 Ra3 56.Rf5 Bxf3 57.Rxf3 Rxa5  1/2-1/2

[Event "Leon"]
[Site "Leon"]
[Date "1992.??.??"]
[Round "9"]
[White "Tukmakov, Vladimir B"]
[Black "Garcia Ilundain, David"]
[Result "1/2-1/2"]
[WhiteElo "2535"]
[BlackElo "2420"]

1.d4 Nf6 2.c4 e6 3.g3 Bb4+ 4.Bd2 Be7 5.Bg2 d5 6.Nf3 O-O 7.O-O c6 8.Qc2 b6
9.Bf4 Bb7 10.Ne5 Nbd7 11.cxd5 Nxe5 12.d6 Nf3+ 13.Bxf3 Bxd6 14.Bg5 h6 15.Bxf6 Qxf6
16.Rd1 e5 17.Bxc6 Rac8 18.d5 Bc5 19.e4  1/2-1/2

[Event "Balkaniad"]
[Site "Mangalia"]
[Date "1992.??.??"]
[Round "1"]
[White "Tsorbatzoglou, Theodoros"]
[Black "Berovski, Krum"]
[Result "0-1"]
[WhiteElo "2310"]
[BlackElo "2250"]

1.d4 Nf6 2.c4 e6 3.g3 Bb4+ 4.Bd2 a5 5.Bg2 d5 6.Nf3 c6 7.a3 Be7 8.Qc2 Nbd7
9.O-O b6 10.Bf4 Ba6 11.Nbd2 O-O 12.Rfd1 Rc8 13.b4 Nh5 14.Be3 Bd6 15.Qb3 Qe7
16.Bg5 f6 17.Be3 f5 18.b5 dxc4 19.Nxc4 Bxb5 20.Nfe5 a4 21.Qa2 Nhf6 22.Bg5 Bxc4
23.Nxc4 Kh8 24.Rac1 Bb8 25.Ne5 Nxe5 26.dxe5 Bxe5 27.Rxc6 Rxc6 28.Bxc6 h6
29.Be3 Ng4 30.Rd7 Qf6 31.Bxb6 f4 32.Bf3 h5  0-1

[Event "Manila ol (Men)"]
[Site "Manila"]
[Date "1992.??.??"]
[Round "?"]
[White "Urban, Klaudiusz"]
[Black "Hracek, Zbynek"]
[Result "1/2-1/2"]
[WhiteElo "2465"]
[BlackElo "2460"]

1.d4 Nf6 2.c4 e6 3.g3 Bb4+ 4.Bd2 Qe7 5.Bg2 Nc6 6.Nf3 Bxd2+ 7.Nbxd2 O-O 8.O-O d6
9.e4 e5 10.d5 Nb8 11.Ne1 a5 12.Nd3 Na6 13.a3 c6 14.dxc6 bxc6 15.b4 Be6 16.Qc2 Ra7
17.Rfc1 Nd7 18.Nb3 axb4 19.axb4 Rfa8 20.Na5 Nab8 21.c5 dxc5 22.Nxc5 Nxc5
23.Qxc5 Qxc5 24.Rxc5 f6 25.Bf1 Bd7 26.Rac1 Kf8 27.Kg2 Be8 28.Kf3 g5 29.Ke3 Rg7
30.Be2 Raa7 31.R5c3 Rgc7 32.Bb5 Ke7 33.Nxc6+ Nxc6 34.Bxc6 Bxc6 35.b5 Rcb7
36.bxc6 Rc7 37.h4 gxh4 38.gxh4 Ra6 39.Kf3 h5 40.Rg1 Ke6 41.Rg6 Raxc6 42.Rxc6+ Rxc6
43.Rh6 Rc3+ 44.Kg2 Rc4 45.f3 Kf7 46.Rxh5 Kg7 47.Rf5 Ra4 48.Kg3 Rb4 49.h5 Ra4
50.Kg4 Rb4 51.h6+ Kg6 52.h7 Rb8 53.Rh5 Rh8 54.Rh1 Rxh7 55.Rxh7  1/2-1/2

[Event "Manila ol (Men)"]
[Site "Manila"]
[Date "1992.??.??"]
[Round "?"]
[White "Tu Hoang Thong"]
[Black "Cochrane, John Miles"]
[Result "1-0"]
[WhiteElo "2405"]
[BlackElo "2205"]

1.d4 Nf6 2.c4 e6 3.g3 Bb4+ 4.Nd2 c5 5.dxc5 Bxc5 6.Bg2 Nc6 7.Nh3 O-O 8.O-O d5
9.cxd5 Nxd5 10.Nb3 Be7 11.e4 Ndb4 12.Qh5 g6 13.Qh6 f6 14.Bd2 Ne5 15.Bc3 Ng4
16.Qc1 Nc6 17.Nf4 Qb6 18.Bh3 f5 19.exf5 gxf5 20.Qd1 Rd8 21.Qe2 e5 22.Qc4+ Kf8
23.Ne6+ Bxe6 24.Qxe6 Nd4 25.Nxd4 exd4 26.Qxf5+ Nf6 27.Ba5 Qxb2 28.Bxd8 Rxd8
29.Rab1 Qxa2 30.Rxb7 d3 31.Rxe7 Kxe7 32.Qe5+ Kf7 33.Qc7+  1-0

[Event "Manila ol (Women)"]
[Site "Manila"]
[Date "1992.??.??"]
[Round "?"]
[White "Santos, Isabel"]
[Black "O'Siochru, Mairead Maura"]
[Result "1/2-1/2"]
[WhiteElo "2030"]
[BlackElo "2100"]

1.d4 Nf6 2.c4 e6 3.g3 Bb4+ 4.Bd2 Qe7 5.Bg2 Nc6 6.Nf3 Bxd2+ 7.Nbxd2 d6 8.a3 e5
9.d5 Nb8 10.e4 O-O 11.b4 a5 12.Rb1 Na6 13.O-O Bg4 14.Qc2 Rfc8 15.Rfc1 c6
16.dxc6 bxc6 17.Ne1 axb4 18.f3 Bd7 19.axb4 Nc7 20.Nd3 Ne6 21.Nb3 Ra7 22.Ra1 Rca8
23.Rxa7 Rxa7 24.Qc3 Be8 25.c5 Nd7 26.Rd1 dxc5 27.bxc5 f6 28.h4 Kf8 29.Bh3 Bh5
30.Nb4 Rc7 31.Rc1 Nd4 32.Kf2 Nxb3 33.Qxb3 Nxc5 34.Qc4 Nd7 35.Nd5 Bf7 36.Nxe7 Bxc4
37.Nxc6 Rxc6 38.Bxd7 Rd6 39.Rxc4 Rxd7 40.Rc2 Kf7 41.Ke3 g6  1/2-1/2

[Event "Manila ol (Men)"]
[Site "Manila"]
[Date "1992.??.??"]
[Round "?"]
[White "Horvath, Jozsef"]
[Black "Chandler, Murray G"]
[Result "1-0"]
[WhiteElo "2480"]
[BlackElo "2590"]

1.d4 Nf6 2.c4 e6 3.g3 Bb4+ 4.Bd2 Qe7 5.Bg2 Nc6 6.Nf3 Bxd2+ 7.Nbxd2 d6 8.O-O a5
9.e4 e5 10.d5 Nb8 11.Ne1 h5 12.h3 h4 13.g4 Nbd7 14.Nd3 g5 15.Qa4 Nh7 16.b4 Nf8
17.c5 Ng6 18.Nc4 dxc5 19.bxc5 O-O 20.Rfc1 Rd8 21.Qa3 Qf6 22.Qb2 Re8 23.Rab1 a4
24.Qc3 Nf4 25.Nxf4 Qxf4 26.Nb2 Nf8 27.Nd3 Qf6 28.Rb4 Ng6 29.Qa3 Nf4 30.Nxf4 Qxf4
31.Rcb1 Ra5 32.Rxa4 Rxa4 33.Qxa4 Rd8  1-0

[Event "Mlada Boleslav op"]
[Site "Mlada Boleslav"]
[Date "1992.??.??"]
[Round "4"]
[White "Hudecek, Jan"]
[Black "Buturin, Vladimir"]
[Result "1/2-1/2"]
[WhiteElo "2305"]
[BlackElo "2415"]

1.d4 Nf6 2.c4 e6 3.g3 Bb4+ 4.Nd2 d5 5.Bg2 O-O 6.Nf3 b6 7.O-O Bb7 8.cxd5 exd5
9.Ne5 Nbd7 10.Ndf3 Re8 11.Bg5 h6 12.Bxf6 Nxf6 13.Rc1 Bd6 14.Qa4 c5 15.e3 a6
16.Nd3 c4 17.Nf4 b5 18.Qc2 a5 19.Rfd1 Qb6 20.Qf5 Rad8 21.Nh5 Ne4 22.Ne5 Bxe5
23.dxe5 Qg6 24.Qxg6 fxg6 25.Nf4 g5 26.Ne2 Rxe5 27.Bxe4 Rxe4 28.Nc3 Re6 29.Nxb5 Rb6
30.a4 Rb8 31.e4 dxe4 32.Rxc4 Ba6 33.Rxe4 Bxb5 34.axb5 Rxb5 35.Rd7  1/2-1/2

[Event "Moscow Tal mem"]
[Site "Moscow"]
[Date "1992.??.??"]
[Round "?"]
[White "Marszalek, Rafal"]
[Black "Pripis, Felixs L"]
[Result "1/2-1/2"]
[WhiteElo "2265"]
[BlackElo "2320"]

1.d4 Nf6 2.c4 e6 3.g3 Bb4+ 4.Nd2 c5 5.dxc5 O-O 6.Bg2 Bxc5 7.Ngf3 Be7 8.O-O Nc6
9.b3 d6 10.Bb2 Bd7 11.h3 Qc7 12.e4 Rfd8 13.Qe2 Be8 14.Rfd1 Rac8 15.Nb1 a6
16.Nc3 Na7 17.Rac1 Qb8 18.Ba3 Bf8 19.e5 dxe5 20.Bxf8 Kxf8 21.Qxe5 Qxe5 22.Nxe5 Nc6
23.Nxc6 Bxc6 24.Bxc6 bxc6 25.Kg2 Ke7 26.Kf3 c5 27.Ke3 g5 28.Na4 Rxd1 29.Rxd1 h5
30.Rd2 Rc6 31.Re2 Nd7 32.Nc3 f5 33.f4 gxf4+ 34.gxf4 Nf6 35.Rg2 Kf7 36.Rd2 Ke7
37.Rg2 Kf7 38.Rd2 Ke7  1/2-1/2

[Event "Alekhine op"]
[Site "Moscow"]
[Date "1992.??.??"]
[Round "?"]
[White "Ulibin, Mikhail"]
[Black "Savon, Vladimir A"]
[Result "1/2-1/2"]
[WhiteElo "2570"]
[BlackElo "2420"]

1.d4 Nf6 2.c4 e6 3.g3 Bb4+ 4.Bd2 Be7 5.Bg2 d5 6.Nf3 O-O 7.O-O Nbd7 8.Qc2 c6
9.Bf4 b6 10.cxd5 cxd5 11.Bc7 Qe8 12.Nc3 Bb7 13.Qb3 Qc8 14.Bf4 a6 15.Rfc1 Bc6
16.a4 Qb7 17.Ne1 Rfc8 18.Nd3 Qa7 19.Na2 Bb7 20.Bd2 Rxc1+ 21.Rxc1 Rc8 22.Rxc8+ Bxc8
23.Qc2 Bb7 24.Ne5 Qa8 25.Bb4 Bxb4 26.Nxb4 Nxe5 27.dxe5 Nd7 28.Nd3 a5 29.Qc7 Qc8
30.Qd6 h6 31.Bf3 Qc6 32.Qe7 Nf8 33.Qd8 Ba6 34.Nf4 Bc4 35.Bh5 Bb3 36.Qe7 g6
37.Bf3 Bc2 38.Qd8 Be4 39.Bxe4 dxe4 40.b3 Qc3 41.h4 e3 42.f3 Qc1+ 43.Kh2 Qf1
44.Qxb6 Qf2+ 45.Ng2 Qxe2 46.Qxe3 Qb2 47.Qd3 Qxe5 48.Nf4 g5 49.hxg5 hxg5 50.Ne2 Ng6
51.Kg2 Ne7 52.Nc3 Kg7 53.Ne4 Nf5 54.Qb5 Qb2+ 55.Kh3 Qa1 56.Kg2 Qb2+ 57.Kh3 Qa1
58.Kh2 Qb2+ 59.Kh3 Qa1  1/2-1/2

[Event "Oostende op"]
[Site "Oostende"]
[Date "1992.??.??"]
[Round "6"]
[White "Rogers, Ian"]
[Black "Wians, Camille"]
[Result "1-0"]
[WhiteElo "2565"]
[BlackElo "2275"]

1.d4 Nf6 2.c4 e6 3.g3 Bb4+ 4.Bd2 Qe7 5.Bg2 Bxd2+ 6.Qxd2 d6 7.Nc3 O-O 8.Nf3 Nc6
9.O-O e5 10.d5 Nb8 11.e4 a5 12.Ne1 Na6 13.Nd3 Nb4 14.Nxb4 axb4 15.Ne2 c5
16.dxc6 bxc6 17.Qxb4 Bg4 18.Qd2 Bxe2 19.Qxe2 Nd7 20.b4 Ra4 21.a3 c5 22.b5 Nb6
23.Rfc1 Qe6 24.Bf1 g6 25.Rc3 Rfa8 26.Qd3 Kg7 27.Rd1 Rd8 28.Rd2 Ra7 29.Be2 g5
30.Qc2 Ra4 31.Qd1 Qg6 32.Rcd3 d5 33.exd5 Rxc4 34.Re3 Rd4 35.Rxe5 Qf6 36.Rxd4 Qxe5
37.Rd3 c4 38.Re3 Qxd5 39.Qc2 Qxb5 40.Qc3+ Kg6  1-0

[Event "Oviedo rapid45"]
[Site "Oviedo"]
[Date "1992.??.??"]
[Round "5"]
[White "Kachiani Gersinska, Ketino"]
[Black "Chandler, Murray G"]
[Result "0-1"]
[WhiteElo "2375"]
[BlackElo "2590"]

1.d4 Nf6 2.c4 e6 3.g3 Bb4+ 4.Bd2 Be7 5.Bg2 O-O 6.Nf3 d5 7.O-O c6 8.Qc2 Nbd7
9.Bf4 a5 10.Rd1 a4 11.Ne5 Nh5 12.Nc3 Nxf4 13.gxf4 a3 14.Rab1 axb2 15.Rxb2 Ra7
16.e3 Qa5 17.Nxd7 Bxd7 18.c5 f6 19.Rdb1 Qc7 20.Kh1 Kh8 21.Na4 e5 22.f5 exd4
23.exd4 Qf4 24.Rxb7 Bxf5 25.Qd1 Rxb7 26.Rxb7 Bd8 27.Nb6 Re8 28.Kg1 Bc7 29.Rxc7 Qxc7
30.a4 Qe7 31.h3 Qe1+ 32.Qxe1 Rxe1+ 33.Kh2 Ra1  0-1